000 02165cam a2200493 4500
001 13993
003 http://catalogue.bnf.fr/ark:/12148/cb471773802
005 20260113152618.0
010 _a9782957958146
_d5 EUR
020 _aFR
_b02335844
073 0 _a9782957958146
090 _a13993
099 _o0
100 _a20230130d2022 a y0frey50 ba
101 0 _afre
102 _aFR
105 _a||||z 00|a|
181 0 _601
_ai
_bxxxe
181 _602
_ctxt
_2rdacontent
182 0 _601
_an
182 _602
_cn
_2rdamedia
200 1 _aÉcho and Co
_bLIVR
214 0 _cla Maison théâtre
_dimpr. 2022
214 3 _cOtt impr.
214 0 _aStrasbourg
214 3 _a67-Wasselonne
215 _a1 vol. (25 p.)
215 _d21 cm
225 _aLes cahiers théâtre
_vn° 5
225 _e14-18 ans
300 _aCommande de la Maison théâtre dans le cadre du projet "Dans la cour de notre mythologie"
321 _aLa Revue des livres pour enfants
_x0398-8384
_c330
323 _a8 personnages
330 _aPourquoi Écho pleure-t-elle à chaudes larmes ? Narcisse, dont tout le monde parle au lycée, serait-il la cause de son désespoir ? Face au mutisme de la jeune fille, ses ami·e·s se lancent dans une reconstitution rocambolesque. Combien de temps résisteront-ils à la tentation de ressembler au jeune homme qui embellit de jour en jour ? Jusqu’où seront-ils prêts à se métamorphoser pour se conformer à cet unique modèle de beauté ? Sarah CARRÉ nous plonge dans un mythe de Narcisse modernisé, et nous interroge avec drôlerie sur les limites des transformations physiques auxquelles nous nous prêtons.
333 _aÀ partir de 13 ans
410 0 _047252827
410 0 _tLes Cahiers théâtre (Strasbourg)
_x3039-5577
_v5
608 _aThéâtre
_2CNLJ
610 _amythologie
_ajeunesse
_aadolescence
686 _a802
_2Cadre de classement de la Bibliographie nationale française
700 _aCarré
_bSarah
_f1975-....
700 _315606771
_oISNI0000000002733233
_4070
801 0 _aFR
_bFR-751131015
_c20230130
_gAFNOR
_hFRBNF471773800000004
856 2 _u772903
_bPremière de couverture